Importancia del mantenimiento preventivo en la confiabilidad y eficiencia del servicio de distribución eléctrica
Сохранить в:
| Главный автор: | |
|---|---|
| Формат: | |
| Опубликовано: |
[San José , Costa Rica]
1996
|
| Предметы: | |
| Метки: |
Добавить метку
Нет меток, Требуется 1-ая метка записи!
|
MARC
| LEADER | 00000nam a2200000Ia 4500 | ||
|---|---|---|---|
| 003 | 007922 | ||
| 005 | 20221231144247.0 | ||
| 008 | 140114s1995 cr a m 000 ||s d | ||
| 040 | |c cru CEDI | ||
| 090 | |a TFG 3464 | ||
| 100 | |a Malavassi Alvarez, Oscar Eduardo |9 10353 | ||
| 245 | |a Importancia del mantenimiento preventivo en la confiabilidad y eficiencia del servicio de distribución eléctrica | ||
| 260 | |c 1996 |a [San José , Costa Rica] | ||
| 300 | |a v, 84 hojas : ilustraciones | ||
| 500 | |a Tesis (licenciatura en ingeniería eléctrica en sistemas de potencia)--Universidad de Costa Rica. Facultad de Ingeniería. Escuela de Ingeniería Eléctrica | ||
| 650 | |x REDES ELECTRICAS |x TRANSPORTE - MANTENIMIENTO Y REPARACION |x DISTRIBUCION DE ENERGIA ELECTRICA |9 10354 | ||
| 942 | |c TFG | ||
| 999 | |c 19219 |d 19219 | ||
